Class and inequality in pre-industrial capitalist and communist societies

Bibliographic Details
Main Authors: Hamilton, Malcolm [ (Malcolm B.)] (Author), Hirszowicz, Maria (Author)
Format: Book
Published: Sussex : New York : Wheatsheaf Books ; St. Martin's Press , 1987
Subjects:

MARC

LEADER 00000cam a2200000 7i4500
001 0000002808
005 20170309093000.0
008 021118n
020 |a 0312012225 (St. Martin's) 
090 0 0 |a HT607   |b .H29 1987 
100 0 |a Hamilton, Malcolm [  |q (Malcolm B.)] ,   |e author 
245 0 0 |a Class and inequality in pre-industrial capitalist and communist societies   |c Malcolm Hamilton, Maria Hirszowics 
260 2 |a Sussex :   |b Wheatsheaf Books ;   |a New York :   |b St. Martin's Press ,   |c 1987 
300 |a xv, 300 p. ; ;   |c 23 cm. 
504 |a Includes bibliography: p. 279-292 and index 
650 0 |a Capitalism   |x History 
650 0 |a Communism   |x History 
650 0 |a Equality   |x History 
650 0 |a Social Classes   |x History 
700 0 |a Hirszowicz, Maria ,   |e author 
999 |a 1000027419   |b Book   |c OPEN SHELF (30 DAYS)   |e Gong Badak Campus